[Event "Bundesliga B Mitte 2008/2009"]
[Site "Voecklabruck"]
[Date "2009.03.07"]
[Round "7"]
[Board "3"]
[White "Genser, Harald"]
[Black "Hirneise, Tobias"]
[Result "0-1"]
[WhiteElo "2314"]
[BlackElo "2426"]
[PlyCount "170"]
[EventDate "2008.10.11"]
[EventType "team"]
[EventRounds "11"]
[EventCountry "AUT"]
[WhiteTeam "SC Die Klagenfurter"]
[BlackTeam "Schachgemeinschaft Voecklabruck"]

1.d4 Nf6 2.c4 g6 3.Nc3 Bg7 4.e4 d6 5.Nf3 O-O 6.Be2 e5 7.O-O Nc6 8.d5 Ne7 9.Bg5
Nh5 10.Ne1 Nf4 11.Nd3 Nxe2+ 12.Qxe2 h6 13.Be3 g5 14.c5 Ng6 15.Rac1 Nf4 16.Qd2 f5
17.f3 fxe4 18.fxe4 Bg4 19.Nf2 Bh5 20.Nd3 Qe7 21.cxd6 cxd6 22.g3 Nxd3 23.Qxd3 a6
24.Kg2 Qd7 25.h3 g4 26.h4 Rf3 27.Ne2 Bg6 28.Nc3 Raf8 29.Rf2 b5 30.a3 Rxf2+
31.Bxf2 Rf3 32.Be3 Qa7 33.Re1 Qd4 34.Bxd4 Rxd3 35.Be3 a5 36.Kf2 b4 37.axb4 axb4
38.Ke2 Rxe3+ 39.Kxe3 bxc3 40.bxc3 Be8 41.Kd3 Kf7 42.Ra1 Ke7 43.Ra7+ Bd7 44.Ra8
Bf8 45.c4 h5 46.Ke2 Bg7 47.Kd3 Bf6 48.Ke2 Kf7 49.Ra7 Ke8 50.Ra8+ Bd8 51.Kd3 Ke7
52.Ke2 Bb6 53.Ra2 Be8 54.Rb2 Bc5 55.Kd3 Ba4 56.Rb7+ Kf6 57.Rb1 Kg7 58.Ra1 Be8
59.Ra2 Kf6 60.Ra1 Ke7 61.Ra2 Bd4 62.Ke2 Bg6 63.Kd3 Kd7 64.Rc2 Kc7 65.Re2 Be8
66.Ra2 Kb7 67.Ke2 Bd7 68.Kd3 Kb6 69.Ra8 Bf2 70.Rh8 Bxg3 71.Rxh5 Bf4 72.Rh7 Be8
73.h5 g3 74.Rh8 Bf7 75.Ke2 Kc5 76.Rh7 Be8 77.Rh8 Bd7 78.Rg8 Kxc4 79.h6 Bxh6
80.Rxg3 Bb5 81.Rg6 Bc1 82.Kf3 Ba3 83.Rg1 Kd4 84.Rg4 Bd3 85.Rh4 Bc2

[Event "Bundesliga B Mitte 2008/2009"]
[Site "Voecklabruck"]
[Date "2009.03.07"]
[Round "7"]
[Board "5"]
[White "Titz, Heimo"]
[Black "Ennsberger, Ulrich"]
[Result "0-1"]
[WhiteElo "2216"]
[BlackElo "2315"]
[PlyCount "37"]
[EventDate "2008.10.11"]
[EventType "team"]
[EventRounds "11"]
[EventCountry "AUT"]
[WhiteTeam "SC Die Klagenfurter"]
[BlackTeam "Schachgemeinschaft Voecklabruck"]

1.c4 e5 2.Nc3 Nf6 3.Nf3 Nc6 4.e3 Bb4 5.Qc2 Bxc3 6.Qxc3 Qe7 7.a3 d5 8.cxd5 Nxd5
9.Qb3 Nb6 10.d3 O-O 11.Be2 a5 12.Bd2 Bf5 13.Bc3 a4 14.Qb5 Bd7 15.Bb4 Nxb4
16.Qxb4 Qxb4+ 17.axb4 Rfe8 18.d4 e4 19.Nd2 {Handy läutet!}

[Event "Bundesliga B Mitte 2008/2009"]
[Site "Voecklabruck"]
[Date "2009.03.07"]
[Round "7"]
[Board "6"]
[White "Rolletschek, Heinrich"]
[Black "Jakits, Leopold"]
[Result "1/2-1/2"]
[WhiteElo "2222"]
[BlackElo "1989"]
[PlyCount "113"]
[EventDate "2008.10.11"]
[EventType "team"]
[EventRounds "11"]
[EventCountry "AUT"]
[WhiteTeam "Schachgemeinschaft Voecklabruck"]
[BlackTeam "SC Die Klagenfurter"]

1.e4 c5 2.g3 Nc6 3.Bg2 e6 4.Ne2 Nf6 5.d4 cxd4 6.Nxd4 Be7 7.O-O O-O 8.c4 Qc7
9.Nb5 Qb8 10.Bf4 Ne5 11.Qd4 d6 12.c5 Nc6 13.Qc3 e5 14.cxd6 Bxd6 15.Nxd6 Qxd6
16.Be3 Rd8 17.Na3 Be6 18.Bc5 Qd2 19.Rfc1 Rd3 20.Qxd2 Rxd2 21.Rc2 Rad8 22.Rxd2
Rxd2 23.b3 a6 24.Be3 Rd7 25.f3 Kf8 26.Kf2 Ke7 27.Bf1 Ne8 28.Bc5+ Kd8 29.Bb6+ Ke7
30.Ke3 f6 31.Rc1 Nd4 32.Nc2 Nxc2+ 33.Rxc2 Rd1 34.Be2 Rd7 35.h4 Kf7 36.Rc3 Rd6
37.Bc5 Rd7 38.Bb6 Rd6 39.Bc5 Rd7 40.Bd3 Nd6 41.Bb6 Nc8 42.Ba5 Ne7 43.Bb6 Nc6
44.Bxa6 bxa6 45.Rxc6 Bh3 46.Ba5 Bf1 47.Rc1 Bb5 48.Rc3 Rd6 49.a4 Bd7 50.Rc7 Ke6
51.f4 g6 52.Bb4 Rb6 53.Rc4 a5 54.Bxa5 Rxb3+ 55.Bc3 exf4+ 56.Kxf4 Bxa4 57.Rxa4

[Event "Bundesliga B Mitte 2008/2009"]
[Site "Voecklabruck"]
[Date "2009.03.07"]
[Round "7"]
[Board "1"]
[White "Wittmann, Walter"]
[Black "Mohr, Georg"]
[Result "0-1"]
[WhiteElo "2269"]
[BlackElo "2488"]
[PlyCount "80"]
[EventDate "2008.10.11"]
[EventType "team"]
[EventRounds "11"]
[EventCountry "AUT"]
[WhiteTeam "Union Styria Kleine Zeitung Graz"]
[BlackTeam "Strassenbahn Graz"]

1.e4 c5 2.Nf3 Nc6 3.d4 cxd4 4.Nxd4 g6 5.Nc3 Bg7 6.Be3 Nf6 7.Bc4 O-O 8.Bb3 d6
9.h3 Na5 10.O-O b6 11.Nd5 e6 12.Nxf6+ Qxf6 13.c3 Bb7 14.f3 h6 15.Nc2 Rad8 16.Nb4
Qe7 17.Bd4 Qc7 18.Bxg7 Kxg7 19.Qd4+ Kg8 20.Qd2 h5 21.Rfd1 d5 22.exd5 Nxb3
23.axb3 a5 24.Nd3 Rxd5 25.c4 Rd4 26.Qe3 Rfd8 27.Nf2 Qc5 28.Rxd4 Rxd4 29.Rd1 Rxc4
30.Qh6 Rd4 31.Rc1 Qf8 32.Qe3 Qd6 33.Qh6 Rd2 34.Ne4 Rd1+ 35.Kf2 Qd4+ 36.Kg3 Rxc1
37.Qxc1 Bxe4 38.fxe4 Qxe4 39.Qc8+ Kg7 40.Qc3+ e5

[Event "Bundesliga B Mitte 2008/2009"]
[Site "Voecklabruck"]
[Date "2009.03.07"]
[Round "7"]
[Board "2"]
[White "Grunberg, Mihai-Lucian"]
[Black "Pirker, Christian"]
[Result "1/2-1/2"]
[WhiteElo "2411"]
[BlackElo "2120"]
[PlyCount "41"]
[EventDate "2008.10.11"]
[EventType "team"]
[EventRounds "11"]
[EventCountry "AUT"]
[WhiteTeam "Strassenbahn Graz"]
[BlackTeam "Union Styria Kleine Zeitung Graz"]

1.Nf3 c5 2.c4 Nc6 3.d4 cxd4 4.Nxd4 g6 5.e4 Bg7 6.Be3 d6 7.Nc3 Nf6 8.Be2 O-O
9.Qd2 Ng4 10.Bxg4 Bxg4 11.O-O Rc8 12.b3 a6 13.f4 Bd7 14.Rad1 b5 15.cxb5 Nxd4
16.Bxd4 e5 17.fxe5 dxe5 18.Be3 Bxb5 19.Nxb5 Qxd2 20.Rxd2 axb5 21.Rd5 {and draw
at move 55!}

[Event "Bundesliga B Mitte 2008/2009"]
[Site "Voecklabruck"]
[Date "2009.03.07"]
[Round "7"]
[Board "3"]
[White "Spirk, Stefan"]
[Black "Supancic, Darko"]
[Result "0-1"]
[WhiteElo "2128"]
[BlackElo "2377"]
[PlyCount "48"]
[EventDate "2008.10.11"]
[EventType "team"]
[EventRounds "11"]
[EventCountry "AUT"]
[WhiteTeam "Union Styria Kleine Zeitung Graz"]
[BlackTeam "Strassenbahn Graz"]

1.c4 g6 2.g3 Bg7 3.Bg2 d6 4.Nc3 e5 5.d3 f5 6.Rb1 Nf6 7.Bg5 Nbd7 8.b4 h6 9.Bxf6
Nxf6 10.b5 O-O 11.Qc2 Kh7 12.e3 f4 13.exf4 exf4 14.Nge2 Nh5 15.gxf4 Nxf4 16.Nxf4
Rxf4 17.Ne2 Rf8 18.O-O Qh4 19.f4 Bh3 20.Bxb7 Rae8 21.Be4 Qg4+ 22.Kf2 Rxf4+
23.Nxf4 Qxf4+ 24.Ke2 Bg4+

[Event "Bundesliga B Mitte 2008/2009"]
[Site "Voecklabruck"]
[Date "2009.03.07"]
[Round "7"]
[Board "4"]
[White "Pesorda, Ivan"]
[Black "Frank, Paul"]
[Result "0-1"]
[WhiteElo "2270"]
[BlackElo "2249"]
[PlyCount "82"]
[EventDate "2008.10.11"]
[EventType "team"]
[EventRounds "11"]
[EventCountry "AUT"]
[WhiteTeam "Strassenbahn Graz"]
[BlackTeam "Union Styria Kleine Zeitung Graz"]

1.d4 Nf6 2.c4 g6 3.Nc3 d5 4.f3 Bg7 5.e4 dxc4 6.Bxc4 O-O 7.Be3 c6 8.Nge2 Qa5
9.O-O Na6 10.a3 Bd7 11.Qd2 Rad8 12.e5 Ne8 13.Bg5 Bxe5 14.Bxe7 Bg7 15.Qf4 Bf5
16.Bxd8 Qxd8 17.Rad1 Nac7 18.d5 cxd5 19.Nxd5 Nxd5 20.Bxd5 Qb6+ 21.Kh1 Qxb2
22.Ng3 Bc8 23.Rb1 Qxa3 24.Bxb7 Be6 25.Bc6 Nd6 26.Ne4 Nf5 27.g4 Nd4 28.Bb7 Qe7
29.g5 Bf5 30.Bd5 Be5 31.Qh4 h5 32.Nf6+ Kg7 33.Rb7 Qd6 34.Rxa7 Be6 35.Bxe6 Qxe6
36.Nd7 Rd8 37.Nxe5 Qxe5 38.Qe4 Nf5 39.Rd1 Qc3 40.Qd5 Rf8 41.Kg1 Qe3+

[Event "Bundesliga B Mitte 2008/2009"]
[Site "Voecklabruck"]
[Date "2009.03.07"]
[Round "7"]
[Board "5"]
[White "Pirker, Georg"]
[Black "Kastner, Walter"]
[Result "0-1"]
[WhiteElo "2131"]
[BlackElo "2225"]
[PlyCount "98"]
[EventDate "2008.10.11"]
[EventType "team"]
[EventRounds "11"]
[EventCountry "AUT"]
[WhiteTeam "Union Styria Kleine Zeitung Graz"]
[BlackTeam "Strassenbahn Graz"]

1.d4 d5 2.Nf3 Nf6 3.Bf4 c5 4.c3 Qb6 5.Qb3 c4 6.Qxb6 axb6 7.Bxb8 Rxb8 8.Nbd2 g6
9.e4 Nxe4 10.Nxe4 dxe4 11.Ng5 Bh6 12.Nxe4 Bf5 13.Ng3 Be6 14.Be2 Bd5 15.O-O O-O
16.Rfe1 Rfe8 17.Nf1 b5 18.Ne3 Be4 19.Bf1 Bc6 20.a3 Bf4 21.g3 Bd6 22.f4 h5 23.a4
bxa4 24.Nxc4 b5 25.Nxd6 exd6 26.Rxe8+ Bxe8 27.Kf2 Kf8 28.Bg2 Bd7 29.Bd5 b4
30.Ke3 bxc3 31.bxc3 Rb2 32.Ra2 Rb1 33.Bf3 Rb3 34.Kd2 Rb6 35.Bd5 Ke7 36.Kd3 Bf5+
37.Be4 Bd7 38.Bd5 Rb1 39.Bf3 Bb5+ 40.Ke3 Re1+ 41.Kd2 Rf1 42.Ke3 Rb1 43.Kd2 Bd7
44.Kd3 Bf5+ 45.Kc4 Be6+ 46.Bd5 Bd7 47.Be4 d5+ 48.Bxd5 Kd6 49.Kd3 Kxd5

[Event "Bundesliga B Mitte 2008/2009"]
[Site "Voecklabruck"]
[Date "2009.03.07"]
[Round "7"]
[Board "1"]
[White "Gonda, Laszlo"]
[Black "Sebenik, Matej"]
[Result "1/2-1/2"]
[WhiteElo "2522"]
[BlackElo "2482"]
[PlyCount "25"]
[EventDate "2008.10.11"]
[EventType "team"]
[EventRounds "11"]
[EventCountry "AUT"]
[WhiteTeam "ASK St. Valentin"]
[BlackTeam "SV Raika Rapid Feffernitz"]

1.d4 Nf6 2.c4 g6 3.Nc3 Bg7 4.e4 d6 5.Bd3 O-O 6.Nge2 c5 7.d5 e6 8.h3 exd5 9.exd5
Nbd7 10.f4 h5 11.O-O Nh7 12.Bd2 f5 13.Qc2

[Event "Bundesliga B Mitte 2008/2009"]
[Site "Voecklabruck"]
[Date "2009.03.07"]
[Round "7"]
[Board "2"]
[White "Gostisa, Leon"]
[Black "Sandhoefner, Florian"]
[Result "1-0"]
[WhiteElo "2413"]
[BlackElo "2246"]
[PlyCount "45"]
[EventDate "2008.10.11"]
[EventType "team"]
[EventRounds "11"]
[EventCountry "AUT"]
[WhiteTeam "SV Raika Rapid Feffernitz"]
[BlackTeam "ASK St. Valentin"]

1.d4 Nf6 2.Nf3 e6 3.g3 b5 4.Bg2 Bb7 5.O-O c5 6.Na3 Qb6 7.c4 b4 8.Nc2 Nc6 9.d5
Na5 10.Ne3 exd5 11.cxd5 c4 12.a3 Rc8 13.axb4 Nb3 14.Ra3 Nxc1 15.Qxc1 Bxb4
16.Nxc4 Qc5 17.Re3+ Kf8 18.b3 Nxd5 19.Nfe5 Qb5 20.Rd3 Nf6 21.Bh3 Rc7 22.Qf4 Kg8
23.Bxd7

[Event "Bundesliga B Mitte 2008/2009"]
[Site "Voecklabruck"]
[Date "2009.03.07"]
[Round "7"]
[Board "3"]
[White "Tober, Gerhard"]
[Black "Jeric, Simon"]
[Result "0-1"]
[WhiteElo "2318"]
[BlackElo "2279"]
[PlyCount "70"]
[EventDate "2008.10.11"]
[EventType "team"]
[EventRounds "11"]
[EventCountry "AUT"]
[WhiteTeam "ASK St. Valentin"]
[BlackTeam "SV Raika Rapid Feffernitz"]

1.d4 d5 2.c4 c6 3.e3 Nf6 4.Nc3 Bg4 5.Be2 Bxe2 6.Qxe2 dxc4 7.Qxc4 b5 8.Qd3 Nbd7
9.Nf3 e6 10.O-O Be7 11.Rd1 O-O 12.e4 b4 13.Ne2 Qa5 14.Bg5 h6 15.Bh4 Rfd8 16.e5
Nd5 17.Bxe7 Nxe7 18.Nf4 c5 19.d5 Nxd5 20.Nxd5 exd5 21.Qxd5 Nf8 22.Qc4 Ne6 23.g3
Qc7 24.b3 Qc6 25.Qe2 a5 26.Rac1 a4 27.Rxd8+ Rxd8 28.Rd1 Rxd1+ 29.Qxd1 axb3
30.axb3 c4 31.Nd2 c3 32.Nc4 Qe4 33.Ne3 Nd4 34.e6 fxe6 35.h4 c2

[Event "Bundesliga B Mitte 2008/2009"]
[Site "Voecklabruck"]
[Date "2009.03.07"]
[Round "7"]
[Board "5"]
[White "Heimberger, Reinhard"]
[Black "Reiss, Georg"]
[Result "1/2-1/2"]
[WhiteElo "2256"]
[BlackElo "2131"]
[PlyCount "39"]
[EventDate "2008.10.11"]
[EventType "team"]
[EventRounds "11"]
[EventCountry "AUT"]
[WhiteTeam "ASK St. Valentin"]
[BlackTeam "SV Raika Rapid Feffernitz"]

1.g3 d5 2.d4 Nf6 3.Bg2 c6 4.Nf3 Bf5 5.Nh4 Be4 6.f3 Bg6 7.Nxg6 hxg6 8.e4 e6 9.O-O
Qb6 10.a3 Nbd7 11.Nc3 dxe4 12.Nxe4 Be7 13.Be3 Qxb2 14.Qd3 Qb5 15.c4 Qa6 16.Rfb1
O-O 17.Qb3 b6 18.a4 Rfd8 19.Bf1 Qb7 20.a5

[Event "Bundesliga B Mitte 2008/2009"]
[Site "Voecklabruck"]
[Date "2009.03.07"]
[Round "7"]
[Board "6"]
[White "Arztmann, Wolfgang"]
[Black "Petroczi, Thomas"]
[Result "0-1"]
[WhiteElo "2122"]
[BlackElo "2174"]
[PlyCount "100"]
[EventDate "2008.10.11"]
[EventType "team"]
[EventRounds "11"]
[EventCountry "AUT"]
[WhiteTeam "SV Raika Rapid Feffernitz"]
[BlackTeam "ASK St. Valentin"]

1.e4 c6 2.d4 d5 3.f3 e6 4.Nc3 Bb4 5.a3 Bxc3+ 6.bxc3 dxe4 7.Qe2 exf3 8.Nxf3 Nf6
9.Qe3 O-O 10.Bd3 Nbd7 11.O-O Qc7 12.Qg5 c5 13.Bf4 Qa5 14.Bd6 Re8 15.Ne5 Qxc3
16.Nxd7 Qxd4+ 17.Kh1 Bxd7 18.Be5 h6 19.Qg3 Qg4 20.Qf2 Bc6 21.Rae1 Rad8 22.Re3
Qxg2+ 23.Qxg2 Bxg2+ 24.Kxg2 Ng4 25.Re4 Nxe5 26.Rxe5 b6 27.a4 Rd4 28.a5 f6 29.Re3
Kf7 30.axb6 axb6 31.c3 Rd6 32.Ra1 Re7 33.Bc4 g5 34.Ra8 f5 35.Rh3 Kg7 36.Ra6 e5
37.Ra8 g4 38.Rd3 Rxd3 39.Bxd3 e4 40.Bc4 e3 41.Kf1 h5 42.Rb8 f4 43.h4 g3 44.Rg8+
Kf6 45.Rf8+ Ke5 46.Ke1 Ra7 47.Kd1 Ke4 48.Kc2 e2 49.Kd2 Rd7+ 50.Kxe2 Ke5

[Event "Bundesliga B Mitte 2008/2009"]
[Site "Voecklabruck"]
[Date "2009.03.07"]
[Round "7"]
[Board "1"]
[White "Sakelsek, Tadej"]
[Black "Schachinger, Mario"]
[Result "1-0"]
[WhiteElo "2403"]
[BlackElo "2336"]
[PlyCount "61"]
[EventDate "2008.10.11"]
[EventType "team"]
[EventRounds "11"]
[EventCountry "AUT"]
[WhiteTeam "ESV Austria Graz"]
[BlackTeam "Kl. Zeitung MPOE Maria Saal"]

1.e4 e5 2.Nf3 Nc6 3.Bc4 Bc5 4.c3 Nf6 5.d3 d6 6.O-O a6 7.Bb3 O-O 8.Nbd2 Ba7 9.h3
Ne7 10.Re1 Ng6 11.Nf1 Nh5 12.d4 Nhf4 13.Ng3 Be6 14.Bxf4 exf4 15.Nh5 Qd7 16.Qd2
Bxb3 17.axb3 Qb5 18.Nxf4 Nxf4 19.Qxf4 Qxb3 20.Re2 Qe6 21.Rae1 Rae8 22.e5 d5
23.Qd2 c6 24.Nh4 Qd7 25.f4 f5 26.Kh2 Qd8 27.Nf3 h6 28.Rg1 Re6 29.g4 Rg6 30.Reg2
Qe7 31.Qd3

[Event "Bundesliga B Mitte 2008/2009"]
[Site "Voecklabruck"]
[Date "2009.03.07"]
[Round "7"]
[Board "2"]
[White "Horvath, Gabor"]
[Black "Kotz, Heinz Peter"]
[Result "0-1"]
[WhiteElo "2277"]
[BlackElo "2342"]
[PlyCount "70"]
[EventDate "2008.10.11"]
[EventType "team"]
[EventRounds "11"]
[EventCountry "AUT"]
[WhiteTeam "Kl. Zeitung MPOE Maria Saal"]
[BlackTeam "ESV Austria Graz"]

1.Nf3 Nf6 2.g3 g6 3.Bg2 Bg7 4.O-O O-O 5.d3 d5 6.Nbd2 Nc6 7.c4 e5 8.cxd5 Nxd5
9.a3 Nd4 10.Nxd4 exd4 11.Qb3 c6 12.Ne4 Qb6 13.Qc2 Re8 14.Re1 Nf6 15.Nd6 Rd8
16.Nc4 Qc5 17.b4 Qh5 18.Bf4 Bh3 19.f3 Bxg2 20.Kxg2 Nd5 21.Qc1 Re8 22.Nd6 Re7
23.Bg5 f6 24.Bd2 Rd8 25.Ne4 f5 26.Nc5 Rde8 27.Qd1 Bh6 28.Kh1 Be3 29.Bxe3 Rxe3
30.Nxb7 Nc3 31.Qb3+ Kg7 32.Nd6 R8e6 33.Ne4 Nxe2 34.Rf1 R3xe4 35.fxe4 Nxg3+

[Event "Bundesliga B Mitte 2008/2009"]
[Site "Voecklabruck"]
[Date "2009.03.07"]
[Round "7"]
[Board "4"]
[White "Halvax, Georg"]
[Black "Ebner, Hubert"]
[Result "1/2-1/2"]
[WhiteElo "2187"]
[BlackElo "2214"]
[PlyCount "36"]
[EventDate "2008.10.11"]
[EventType "team"]
[EventRounds "11"]
[EventCountry "AUT"]
[WhiteTeam "Kl. Zeitung MPOE Maria Saal"]
[BlackTeam "ESV Austria Graz"]

1.e4 e6 2.d3 d5 3.Nd2 c5 4.Ngf3 Nc6 5.g3 Bd6 6.Bg2 Nge7 7.O-O O-O 8.Re1 Qc7 9.c3
Bd7 10.h4 d4 11.Nc4 e5 12.a4 Bg4 13.Qc2 Rac8 14.Bd2 b6 15.Qb1 h5 16.Rc1 Rb8
17.Qc2 Qd7 18.Na3 Rbc8

[Event "Bundesliga B Mitte 2008/2009"]
[Site "Voecklabruck"]
[Date "2009.03.07"]
[Round "7"]
[Board "5"]
[White "Schrittwieser, Herbert"]
[Black "Hartl, Daniel"]
[Result "1-0"]
[WhiteElo "2212"]
[BlackElo "2188"]
[PlyCount "69"]
[EventDate "2008.10.11"]
[EventType "team"]
[EventRounds "11"]
[EventCountry "AUT"]
[WhiteTeam "ESV Austria Graz"]
[BlackTeam "Kl. Zeitung MPOE Maria Saal"]

1.Nf3 Nf6 2.c4 c6 3.g3 d5 4.Bg2 Bg4 5.d4 e6 6.Ne5 Bf5 7.Nc3 Nbd7 8.Nxd7 Qxd7
9.Qb3 Be7 10.O-O O-O 11.Bf4 Rac8 12.Rfd1 dxc4 13.Qxc4 Bc2 14.e4 Bxd1 15.Rxd1
Rfd8 16.h3 b5 17.Qb3 b4 18.Ne2 c5 19.d5 exd5 20.e5 c4 21.Qc2 Ne8 22.Rxd5 Qe6
23.Nd4 Qa6 24.Rxd8 Bxd8 25.Qf5 g6 26.Qd7 Nc7 27.Bb7 Qxb7 28.e6 fxe6 29.Be5 Kf8
30.Nxe6+ Nxe6 31.Qxb7 Rc7 32.Bxc7 Bxc7 33.Qxb4+ Kf7 34.Qxc4 Bb6 35.b4

[Event "Bundesliga B Mitte 2008/2009"]
[Site "Voecklabruck"]
[Date "2009.03.07"]
[Round "7"]
[Board "6"]
[White "Lako, Laszlo"]
[Black "Pfaffel, Thomas"]
[Result "0-1"]
[WhiteElo "2169"]
[BlackElo "2148"]
[PlyCount "50"]
[EventDate "2008.10.11"]
[EventType "team"]
[EventRounds "11"]
[EventCountry "AUT"]
[WhiteTeam "Kl. Zeitung MPOE Maria Saal"]
[BlackTeam "ESV Austria Graz"]

1.d4 Nf6 2.c4 e6 3.Nf3 b6 4.g3 Bb7 5.Bg2 Be7 6.Nc3 Ne4 7.Bd2 f5 8.d5 Bf6 9.Rc1
c6 10.dxc6 dxc6 11.O-O c5 12.Qc2 O-O 13.Rfd1 Qe7 14.Ne1 Nxc3 15.Bxc3 Bxg2
16.Bxf6 Qxf6 17.Kxg2 Nc6 18.e3 e5 19.Qc3 f4 20.f3 Qg5 21.exf4 exf4 22.Rd5 Qe7
23.Qd2 Rae8 24.Rd7 Qe2+ 25.Kg1 Nd4

[Event "Bundesliga B Mitte 2008/2009"]
[Site "Voecklabruck"]
[Date "2009.03.07"]
[Round "7"]
[Board "1"]
[White "Dervishi, Erald"]
[Black "Mikac, Matjaz"]
[Result "1/2-1/2"]
[WhiteElo "2545"]
[BlackElo "2394"]
[PlyCount "103"]
[EventDate "2008.10.11"]
[EventType "team"]
[EventRounds "11"]
[EventCountry "AUT"]
[WhiteTeam "SK Leoben"]
[BlackTeam "ZH- Technologies Wolfsberg"]

1.e4 c5 2.Nf3 Nc6 3.d4 cxd4 4.Nxd4 g6 5.Nxc6 bxc6 6.Qd4 Nf6 7.e5 Nd5 8.c4 Nc7
9.e6 f6 10.exd7+ Bxd7 11.Nc3 e5 12.Qh4 Ne6 13.Bd3 f5 14.Qxd8+ Kxd8 15.b3 Bg7
16.Bb2 e4 17.Bc2 Kc7 18.O-O-O Rad8 19.Ne2 Bxb2+ 20.Kxb2 c5 21.Kc3 Bc6 22.b4
cxb4+ 23.Kxb4 Rd6 24.Kc3 Rhd8 25.Rxd6 Kxd6 26.Rb1 Kc5 27.Nc1 Nd4 28.Nb3+ Nxb3
29.axb3 a5 30.Ra1 Kb6 31.g3 g5 32.h3 h6 33.Re1 h5 34.g4 fxg4 35.hxg4 hxg4
36.Bxe4 Re8 37.Kd4 Bxe4 38.Rxe4 Rf8 39.Rxg4 Rxf2 40.Rxg5 Rf3 41.Rg6+ Kc7 42.Kd5
Rxb3 43.Rg7+ Kb8 44.Kc6 a4 45.c5 a3 46.Rg8+ Ka7 47.Rg4 Kb8 48.Ra4 Rh3 49.Rb4+
Kc8 50.Kb6 Rh6+ 51.c6 Rh2 52.Ra4

[Event "Bundesliga B Mitte 2008/2009"]
[Site "Voecklabruck"]
[Date "2009.03.07"]
[Round "7"]
[Board "2"]
[White "Kaspret, Guido"]
[Black "Manca, Federico"]
[Result "1-0"]
[WhiteElo "2338"]
[BlackElo "2373"]
[PlyCount "95"]
[EventDate "2008.10.11"]
[EventType "team"]
[EventRounds "11"]
[EventCountry "AUT"]
[WhiteTeam "ZH- Technologies Wolfsberg"]
[BlackTeam "SK Leoben"]

1.c4 e6 2.Nf3 d5 3.g3 Nf6 4.Bg2 Be7 5.O-O O-O 6.b3 c5 7.cxd5 exd5 8.d4 Nc6 9.Bb2
Bg4 10.dxc5 Bxc5 11.Nc3 Re8 12.Rc1 Bb6 13.Na4 Qe7 14.e3 Ne4 15.h3 Bxf3 16.Bxf3
Ba5 17.Bg2 Rad8 18.a3 Bc7 19.Qe2 Qg5 20.Qg4 Qxg4 21.hxg4 Be5 22.Rfd1 Bxb2
23.Nxb2 Ne5 24.f3 Nf6 25.g5 Nfd7 26.Rxd5 Nb6 27.Rxd8 Rxd8 28.Rc2 Kf8 29.Kf2 Nd3+
30.Ke2 Nxb2 31.Rxb2 Rc8 32.f4 Rc7 33.Be4 Nc8 34.Rd2 g6 35.Rd8+ Ke7 36.Rh8 Nd6
37.Bd5 Nb5 38.Kf3 Rd7 39.e4 Nc3 40.Rb8 b6 41.Bc4 Rc7 42.e5 Rd7 43.g4 Rc7 44.f5
gxf5 45.gxf5 Rc5 46.Rb7+ Kd8 47.Rxf7 Rxe5 48.Be6

[Event "Bundesliga B Mitte 2008/2009"]
[Site "Voecklabruck"]
[Date "2009.03.07"]
[Round "7"]
[Board "3"]
[White "Bachler, Reinhard"]
[Black "Wegerer, Fred"]
[Result "1/2-1/2"]
[WhiteElo "2241"]
[BlackElo "2239"]
[PlyCount "26"]
[EventDate "2008.10.11"]
[EventType "team"]
[EventRounds "11"]
[EventCountry "AUT"]
[WhiteTeam "SK Leoben"]
[BlackTeam "ZH- Technologies Wolfsberg"]

1.f4 d5 2.Nf3 g6 3.d3 Bg7 4.c3 Nc6 5.Qc2 Bg4 6.Nbd2 Nh6 7.h3 Bd7 8.g4 f5 9.g5
Nf7 10.d4 h6 11.Rg1 hxg5 12.Nxg5 Nxg5 13.Rxg5 e5

[Event "Bundesliga B Mitte 2008/2009"]
[Site "Voecklabruck"]
[Date "2009.03.07"]
[Round "7"]
[Board "4"]
[White "Pesec, Franz"]
[Black "Sandner, Wolfgang"]
[Result "1/2-1/2"]
[WhiteElo "2176"]
[BlackElo "2226"]
[PlyCount "51"]
[EventDate "2008.10.11"]
[EventType "team"]
[EventRounds "11"]
[EventCountry "AUT"]
[WhiteTeam "ZH- Technologies Wolfsberg"]
[BlackTeam "SK Leoben"]

1.e4 c5 2.d4 cxd4 3.c3 d3 4.Bxd3 g6 5.Nf3 Bg7 6.O-O Nc6 7.c4 d6 8.h3 Nf6 9.Nc3
O-O 10.Be3 Nd7 11.Rc1 Nde5 12.Nxe5 Nxe5 13.Be2 b6 14.b3 Bb7 15.f4 Nd7 16.Bf3 Rc8
17.g4 Nc5 18.Bd4 e5 19.fxe5 dxe5 20.Bxc5 Rxc5 21.Qxd8 Rxd8 22.Rcd1 Rcc8 23.Nd5
Bxd5 24.Rxd5 Rxd5 25.exd5 Bf8 26.Be4

[Event "Bundesliga B Mitte 2008/2009"]
[Site "Voecklabruck"]
[Date "2009.03.07"]
[Round "7"]
[Board "5"]
[White "Binder, Michael"]
[Black "Toefferl, Heimo"]
[Result "1/2-1/2"]
[WhiteElo "2170"]
[BlackElo "2097"]
[PlyCount "71"]
[EventDate "2008.10.11"]
[EventType "team"]
[EventRounds "11"]
[EventCountry "AUT"]
[WhiteTeam "SK Leoben"]
[BlackTeam "ZH- Technologies Wolfsberg"]

1.Nf3 d5 2.d4 e6 3.c4 c6 4.Nc3 f5 5.g3 Bd6 6.Bg2 Ne7 7.b3 O-O 8.O-O Bd7 9.Bb2
Be8 10.Ne5 Nd7 11.Nxd7 Qxd7 12.Nb1 Bh5 13.Nd2 Kh8 14.Nf3 Qe8 15.Ne5 g5 16.Qd3 f4
17.Rae1 Rd8 18.Qc3 Bxe5 19.dxe5 Rd7 20.h3 Qf7 21.cxd5 cxd5 22.Qd2 Rfd8 23.Bc1
Rf8 24.Bb2 Kg8 25.Kh2 h6 26.Rc1 Bg6 27.Ba3 Qg7 28.Bd6 fxg3+ 29.fxg3 Rxf1 30.Bxf1
Nf5 31.Rc8+ Kh7 32.Bb8 Ne7 33.Rc7 Rxc7 34.Bxc7 Nc6 35.Bd6 Nxe5 36.Qe3

[Event "Bundesliga B Mitte 2008/2009"]
[Site "Voecklabruck"]
[Date "2009.03.08"]
[Round "8"]
[Board "1"]
[White "Pinter, Jozsef"]
[Black "Mikac, Matjaz"]
[Result "1-0"]
[WhiteElo "2541"]
[BlackElo "2394"]
[PlyCount "77"]
[EventDate "2008.10.11"]
[EventType "team"]
[EventRounds "11"]
[EventCountry "AUT"]
[WhiteTeam "Schachklub Sparkasse Fuerstenfeld"]
[BlackTeam "ZH- Technologies Wolfsberg"]

1.d4 Nf6 2.c4 e6 3.Nf3 d5 4.Nc3 Bb4 5.e3 O-O 6.Bd3 c5 7.O-O cxd4 8.exd4 dxc4
9.Bxc4 Nbd7 10.Qe2 Qa5 11.Bd2 Qh5 12.Rac1 Bxc3 13.bxc3 b6 14.Bf4 Bb7 15.Ba6 Qd5
16.Rfe1 Rac8 17.Bd3 Rfe8 18.c4 Qh5 19.Bg3 Qh6 20.Bd6 Nd5 21.Qd2 Qxd2 22.Nxd2 Ba6
23.Bc2 N5f6 24.Ba4 Bb7 25.f3 Bc6 26.Bb3 b5 27.c5 Bd5 28.Ne4 Rc6 29.Nc3 Bxb3
30.axb3 b4 31.Ne4 Nd5 32.Ra1 a6 33.Nd2 Ra8 34.Nc4 Nc3 35.Bg3 Nb5 36.Red1 f6
37.Be1 Nc3 38.Bxc3 bxc3 39.Rac1

[Event "Bundesliga B Mitte 2008/2009"]
[Site "Voecklabruck"]
[Date "2009.03.08"]
[Round "8"]
[Board "3"]
[White "Kuba, Guenter"]
[Black "Wegerer, Fred"]
[Result "1/2-1/2"]
[WhiteElo "2397"]
[BlackElo "2239"]
[PlyCount "49"]
[EventDate "2008.10.11"]
[EventType "team"]
[EventRounds "11"]
[EventCountry "AUT"]
[WhiteTeam "Schachklub Sparkasse Fuerstenfeld"]
[BlackTeam "ZH- Technologies Wolfsberg"]

1.e4 c5 2.Nf3 e6 3.c3 d5 4.exd5 Qxd5 5.d4 Nf6 6.Be3 cxd4 7.cxd4 Bb4+ 8.Nc3 O-O
9.Bd3 Bd7 10.Qe2 Rc8 11.Bd2 Qh5 12.a3 Bd6 13.O-O Nc6 14.h3 h6 15.Rfe1 Ne7 16.Ne4
Nxe4 17.Qxe4 Ng6 18.Ne5 Bxe5 19.dxe5 Bc6 20.Qe3 Rd8 21.Bc3 Rxd3 22.Qxd3 Bxg2
23.Qg3 Bxh3 24.Rad1 Bg4 25.Rd4